000 00286nam a22001337a 4500
008 170912b xxu||||| |||| 00| 0 eng d
020 _a9780131021532
041 _aeng
080 _24 ED
_a53
100 _a43
101 _aFIZ
245 _aPHYSICS
_cGIANCOLLI.D.C
942 _2udc
_cBK
999 _c27321
_d27321